An inspector calls (Record no. 78534)

MARC details
000 -LEADER
fixed length control field 01237cab a22002175a 4500
001 - CONTROL NUMBER
control field L137063
008 - FIXED-LENGTH DATA ELEMENTS--GENERAL INFORMATION
fixed length control field 070313e2007 xxk 000 0 eng d
035 ## - SYSTEM CONTROL NUMBER
System control number (Sirsi) u137063
041 ## - LANGUAGE CODE
Language code of text/sound track or separate title eng
100 1# - MAIN ENTRY--PERSONAL NAME
Personal name Grigg, Peter
245 03 - TITLE STATEMENT
Title An inspector calls
260 ## - PUBLICATION, DISTRIBUTION, ETC.
Date of publication, distribution, etc. 2007
490 0# - SERIES STATEMENT
Series statement Building Services Journal
Volume/sequential designation 29(3) March 2007, 63-65(3)
520 ## - SUMMARY, ETC.
Summary, etc. Reports on requirements under the energy performance of buildings directive (Directive 2002/91/EC) Art 9 which will make the inspection of air conditioning systems mandatory. An industry working group has been set up to advise the DCLG on the implementation of Art 9 in England and Wales. Examines the contents of a CIBSE technical manual setting out a practical inspection procedure that is currently being drafted by the group. Also outlines the Auditac project, which will help specialists to identify practical measures to improve the energy performance of air conditioning systems.
590 ## - LOCAL NOTE (RLIN)
Local note KA
650 24 - SUBJECT ADDED ENTRY--TOPICAL TERM
Topical term or geographic name entry element DIRECTIVE 2002/91/EC ART 9
651 #4 - SUBJECT ADDED ENTRY--GEOGRAPHIC NAME
Geographic name England and Wales
Chronological subdivision 1543-
690 ## - LOCAL SUBJECT ADDED ENTRY--TOPICAL TERM (OCLC, RLIN)
Topical term or geographic name as entry element BUILT ENVIRONMENT-BUILDING ELEMENTS-COMPLETE BUILDING SERVICES ELEMENTS-COMPLETE HEATING, VENTILATION AND AIR CONDITIONING SYSTEMS
700 1# - ADDED ENTRY--PERSONAL NAME
Personal name Davies, Hywel
942 ## - ADDED ENTRY ELEMENTS (KOHA)
Suppress in OPAC 0
Holdings
Withdrawn status Lost status Source of classification or shelving scheme Damaged status Not for loan Home library Current library Shelving location Date acquired Total Checkouts Full call number Barcode Date last seen Copy number Price effective from Koha item type
    Dewey Decimal Classification     London London Journal article 13/03/2007   L137063 137063-1001 06/08/2019 1 06/08/2019 Journal article